02997cam a2200361 a 450000100090000000300040000900500170001300800410003001000170007102000250008803500200011304000070013304200080014005000150014806000110016308200200017424501520019425000120034626000580035830000360041650400510045250517610050365000200226465000270228465000380231170000260234970000250237570000300240090600450243094200120247599900160248795201320250317688227OSt20230227130445.0130403s2014 mau b 001 0 eng  a 2013013530 a9781284032888 (pbk.) a(DNLM)101605404 cLC apcc00aRT82.8.I5510aWY 12800a610.7306/9222300aInitiating and sustaining the clinical nurse leader role: a practical guide. /c[edited by] James L. Harris, Linda Roussel, and Patricia L. Thomas. a2nd ed. aBurlington, Mass.:bJones & Bartlett Learning,c2014. axxvii, 531 p. :bill. ;c23 cm. aIncludes bibliographical references and index.0 aContents: Introduction: Introducing the clinical nurse leader: past, present and future -- The clinical nurse leader: a catalyst for advancing nursing -- Academic, clinical and community partnerships: Building and sustaining academic, clinical and community partnerships -- Creating a business case for the clinical nurse leader role -- Spreading the CNL initiative -- Effective communication and team collaboration -- The nurse manager and the clinical nurse leader: delineating roles, competencies and responsibilities --Preparing preceptors for CNL immersions -- The clinical nurse leader advisory council: an opportunity for partnership and synergy -- Achieving a high-reliability organization: Creating a value-driven approach to care in a high-reliability organization -- Quality care and risk management -- Analyzing and managing data: the clinical nurse leader's role -- The role of informatics and decision support in advancing clinical nurse leader practice -- Using evidence to guide CNL practice outcomes -- Engaging in evidence-based practice to guide clinical nurse leader practice outcomes -- From change to transformation : evidence-base practice in action -- Improvement science and team science: links to innovation, effectiveness and safety -- Health promotion and disease prevention: essentials for CNL: Community resource awareness and networking through advocacy -- Promoting health and preventing illness -- The clinical nurse leader: transforming nursing care in acute care, ambulatory and long-term care settings -- Foundations for CNL success: Creative and meaningful clinical immersions -- Toward achieving desired outcomes: the clinical nurse leader's transition to practice -- Clinical nurse leadership: creating the vision -- 12aLeadership.93812aNurse Clinicians.989022aInterprofessional Relations.98911 aHarris, James L.98921 aRoussel, Linda.98931 aThomas, Patricia, L.9894 a7bcbccorignewd1eecipf20gy-gencatlg 2lcccBK c9376d16876 00102lcc4070aWIUC-KLbWIUC-KLcNURS L.d2023-02-09l0oRT82.8.I55(2e)pKSN/1092/039/23r2023-02-27 00:00:00w2023-02-27yBK